书目信息 |
| 题名: |
办公室设计
|
|
| 作者: | 黄小石 主编 | |
| 分册: | ||
| 出版信息: | 沈阳 辽宁科学技术出版社 160 |
|
| 页数: | 199页 | |
| 开本: | 16开 | |
| 丛书名: | ||
| 单 册: | ||
| 中图分类: | TU243.2-64 | |
| 科图分类: | ||
| 主题词: | 民用建筑--建筑设计 | |
| 电子资源: | ||
| ISBN: | 7-5381-3244-9 | |
| 000 | 00556nam0 2200193 45 | |
| 001 | 0102271563 | |
| 005 | 20010227153016.4 | |
| 010 | @a7-5381-3244-9@d160.00元 | |
| 100 | @a20010227d km y0chiy0120 ea | |
| 101 | 0 | @achi |
| 105 | @a z 000yy | |
| 200 | 1 | @a办公室设计@ABan Gong Shi She Ji@f黄小石主编@FHuang Xiao Shi Zhu Bian |
| 210 | @a沈阳@c辽宁科学技术出版社@d160 | |
| 215 | @a199页@d16开 | |
| 606 | 0 | @a民用建筑@x建筑设计 |
| 690 | @aTU243.2-64@v3 | |
| 701 | 0 | @a黄小石@4主编 |
| 801 | @aCN@bPftUser@c20010227 | |
| 905 | @b324241@dTU243.2-64@eH798@f1 | |
| 办公室设计/黄小石主编.-沈阳:辽宁科学技术出版社,160 |
| 199页;16开 |
| ISBN 7-5381-3244-9:160.00元 |
| ● |
| 相关链接 |
|
|
|
正题名:办公室设计
索取号:TU243.2-64/H798
 
预约/预借
| 序号 | 登录号 | 条形码 | 馆藏地/架位号 | 状态 | 备注 |
| 1 | 324241 | 203242419 | 建筑库101/101建筑库 68排5列4层/ [索取号:TU243.2-64/H798] | 在馆 |